Southville International School and Colleges
Your cart is empty.
  • Cart
  • Lists
    Public lists Eva Luna New books Lux_list list_1
    Your lists Log in to create your own lists
  • Log in to your account
  • Your cookies
  • Search history
Southville International School and Colleges
  • Advanced search
  • Recent comments
  • Most popular
  • Libraries

Log in to your account

Log in with GOOGLE


If you do not have an external account, but do have a local account, you can still log in:

  1. Home
  2. MARC view: Tobacco use /
Normal view MARC view ISBD view

Tobacco use / (Record no. 9018)

[ view plain ]
MARC details
000 -LEADER
fixed length control field 01435cam a22003614a 4500
001 - CONTROL NUMBER
control field 11791497
003 - CONTROL NUMBER IDENTIFIER
control field SISC
005 - DATE AND TIME OF LATEST TRANSACTION
control field 20160404133626.0
008 - FIXED-LENGTH DATA ELEMENTS--GENERAL INFORMATION
fixed length control field 990917s2000 mnua j b 001 0 eng
010 ## - LIBRARY OF CONGRESS CONTROL NUMBER
LC control number 99048087
020 ## - INTERNATIONAL STANDARD BOOK NUMBER
International Standard Book Number 0736804145
020 ## - INTERNATIONAL STANDARD BOOK NUMBER
International Standard Book Number 0736804382 (series)
040 ## - CATALOGING SOURCE
Original cataloging agency DLC
Transcribing agency DLC
Modifying agency DLC
042 ## - AUTHENTICATION CODE
Authentication code pcc
-- lcac
050 00 - LIBRARY OF CONGRESS CALL NUMBER
Classification number HV 5735
Item number .G73 2000
082 00 - DEWEY DECIMAL CLASSIFICATION NUMBER
Classification number HS 362.29
Item number G78 2000
100 1# - MAIN ENTRY--PERSONAL NAME
Personal name Graves, Bonnie B.
9 (RLIN) 12175
245 10 - TITLE STATEMENT
Title Tobacco use /
Statement of responsibility, etc Bonnie Graves.
260 ## - PUBLICATION, DISTRIBUTION, ETC. (IMPRINT)
Place of publication, distribution, etc Mankato, Minn. :
Name of publisher, distributor, etc LifeMatters,
Date of publication, distribution, etc c2000.
300 ## - PHYSICAL DESCRIPTION
Extent 64 p. :
Other physical details col. ill. ;
Dimensions 24 cm.
500 ## - GENERAL NOTE
General note Includes bibliographical references (p. 61) and index.
520 ## - SUMMARY, ETC.
Summary, etc Discusses the history of tobacco, tobacco addiction, influences on tobacco use, consequences, and suggestions on how to quit or never start using tobacco.
650 #0 - SUBJECT ADDED ENTRY--TOPICAL TERM
Topical term or geographic name as entry element Tobacco use
Form subdivision Juvenile literature.
9 (RLIN) 12176
650 #0 - SUBJECT ADDED ENTRY--TOPICAL TERM
Topical term or geographic name as entry element Smoking
Form subdivision Juvenile literature.
9 (RLIN) 12177
650 #0 - SUBJECT ADDED ENTRY--TOPICAL TERM
Topical term or geographic name as entry element Teenagers
General subdivision Tobacco use
Form subdivision Juvenile literature.
9 (RLIN) 12178
650 #0 - SUBJECT ADDED ENTRY--TOPICAL TERM
Topical term or geographic name as entry element Tobacco use
General subdivision Prevention
Form subdivision Juvenile literature.
9 (RLIN) 12179
650 #1 - SUBJECT ADDED ENTRY--TOPICAL TERM
Topical term or geographic name as entry element Smoking.
9 (RLIN) 11238
650 #1 - SUBJECT ADDED ENTRY--TOPICAL TERM
Topical term or geographic name as entry element Tobacco use.
9 (RLIN) 12180
906 ## - LOCAL DATA ELEMENT F, LDF (RLIN)
a 7
b cbc
c orignew
d 1
e ocip
f 19
g y-gencatlg
942 ## - ADDED ENTRY ELEMENTS (KOHA)
Source of classification or shelving scheme Library of Congress Classification
Koha item type Books
Holdings
Withdrawn status Lost status Source of classification or shelving scheme Damaged status Home library Current library Shelving location Date acquired Total Checkouts Full call number Barcode Date last seen Date checked out Copy number Price effective from Koha item type
    Library of Congress Classification   Luxembourg Library Luxembourg Library High School Section 08/22/2013 1 HV 5735 .G73 2000 17194 04/04/2016 08/30/2013 1 08/22/2013 Books

Tobacco use /

APA

Graves B. B., . (2000). Tobacco use. Mankato, Minn: LifeMatters.

Chicago

Graves Bonnie B, . 2000. Tobacco use. Mankato, Minn: LifeMatters.

Harvard

Graves B. B., . (2000). Tobacco use. Mankato, Minn: LifeMatters.

MLA

Graves Bonnie B, . Tobacco use. Mankato, Minn: LifeMatters. 2000.

  • Place hold
  • Print
  • Cite
  • Add to your cart (remove)
  • Save record
    BIBTEX Dublin Core MARCXML MARC (non-Unicode/MARC-8) MARC (Unicode/UTF-8) MARC (Unicode/UTF-8, Standard) MODS (XML) RIS
  • More searches
    Search for this title in:
    Other Libraries (WorldCat) Other Databases (Google Scholar) Online Stores (Bookfinder.com) Open Library (openlibrary.org)

Exporting to Dublin Core...

SOUTHVILLE LIBRARY

Southville International School and Colleges Library

1281 Tropical Ave. Cor. Luxembourg St., BF Homes International, Las Pinas City

Tel. No. 8256374 / 252358 Loc. 117/146

Powered by Koha